Evaluation of some clones (Hevea brasiliensis) in a small scale trial in the Northern part of Guatemala (Record no. 59005)

MARC details
000 -LEADER
fixed length control field 00727nam a2200253Ia 4500
100 ## - MAIN ENTRY--AUTHOR NAME
Personal name Castillo J
245 #0 - TITLE STATEMENT
Title Evaluation of some clones (Hevea brasiliensis) in a small scale trial in the Northern part of Guatemala
260 ## - PUBLICATION, DISTRIBUTION, ETC. (IMPRINT)
Name of publisher IRRDB Natural Rubber Conference 2008, 13-15 October 2008, Kuala Lumpur, Malaysia: Abstract of papers
650 ## - SUBJECT ADDED ENTRY--TOPICAL TERM
Topical Term Clone
650 ## - SUBJECT ADDED ENTRY--TOPICAL TERM
Topical Term Girth
650 ## - SUBJECT ADDED ENTRY--TOPICAL TERM
Topical Term Latex physiology
650 ## - SUBJECT ADDED ENTRY--TOPICAL TERM
Topical Term Small scale trial
650 ## - SUBJECT ADDED ENTRY--TOPICAL TERM
Topical Term Yield
700 ## - ADDED ENTRY--PERSONAL NAME
Personal name Anleu J
700 ## - ADDED ENTRY--PERSONAL NAME
Personal name Armas G
700 ## - ADDED ENTRY--PERSONAL NAME
Personal name Chapuset T
700 ## - ADDED ENTRY--PERSONAL NAME
Personal name Lacote R
700 ## - ADDED ENTRY--PERSONAL NAME
Personal name Najera C
700 ## - ADDED ENTRY--PERSONAL NAME
Personal name Palencia C
700 ## - ADDED ENTRY--PERSONAL NAME
Personal name Rivano F
856 ## - ELECTRONIC LOCATION AND ACCESS
Uniform Resource Identifier Abst only
942 ## - ADDED ENTRY ELEMENTS (KOHA)
Koha item type Journals
Holdings
Withdrawn status Lost status Damaged status Not for loan Home library Current library Shelving location Date acquired Koha item type
      Journals RRII Library RRII Library Botany 27/01/2009 Journals